[Event "SLO-chT Central Superliga 14th"]
[Site "Slovenia"]
[Date "2013.10.10"]
[Round "3.4"]
[White "Bernik, Alja"]
[Black "Bohorc, Edo"]
[Result "1/2-1/2"]
[WhiteElo "1699"]
[BlackElo "2050"]
[PlyCount "75"]
[EventDate "2013.09.19"]
[EventType "team-tourn"]
[EventRounds "9"]
[EventCountry "SLO"]
[SourceTitle "EXT 2022"]
[Source "ChessBase"]
[SourceDate "2021.10.06"]
[SourceVersion "1"]
[SourceVersionDate "2021.10.06"]
[SourceQuality "1"]
[WhiteTeam "Komenda Pogi"]
[BlackTeam "Bor Dob"]
[WhiteTeamCountry "SLO"]
[BlackTeamCountry "SLO"]

1. e4 e6 2. d4 d5 3. exd5 exd5 4. Bf4 Bd6 5. Bxd6 Qxd6 6. c3 Nf6 7. Be2 0-0 8. Nf3 Bg4 9. 0-0 Nbd7 10. Re1 Rfe8 11. Nbd2 Re7 12. Nf1 Rae8 13. Ne3 Be6 14. h3 Ne4 15. Bd3 f5 16. Qc2 Qf4 17. c4 c6 18. b4 a6 19. a4 Bf7 20. Nf1 Ndf6 21. c5 Nd7 22. Qc1 Qc7 23. Qb2 h6 24. Rad1 g5 25. N3h2 f4 26. Qc2 Kg7 27. Qb2 Bh5 28. f3 Ng3 29. Rxe7+ Rxe7 30. Qd2 Nxf1 31. Nxf1 Nf8 32. Bc2 Qd7 33. Re1 Rxe1 34. Qxe1 Qe6 35. Qf2 Bg6 36. Bxg6 Qxg6 37. Qe2 Qe6 38. Kf2 1/2-1/2

[Event "Ljubljana-chT 66th 1st League"]
[Site "Ljubljana"]
[Date "2013.03.07"]
[Round "7.2"]
[White "Bohorc, Edo"]
[Black "Oberc, Marjan"]
[Result "1/2-1/2"]
[WhiteElo "2052"]
[BlackElo "2011"]
[PlyCount "20"]
[EventDate "2013.01.10"]
[EventType "team-tourn"]
[EventRounds "9"]
[EventCountry "SLO"]
[SourceTitle "EXT 2022"]
[Source "ChessBase"]
[SourceDate "2021.10.06"]
[SourceVersion "1"]
[SourceVersionDate "2021.10.06"]
[SourceQuality "1"]
[WhiteTeam "Bor Dob"]
[BlackTeam "Trzin Buscotrade"]
[WhiteTeamCountry "SLO"]
[BlackTeamCountry "SLO"]

1. e4 c6 2. d4 d5 3. exd5 cxd5 4. c4 Nf6 5. Nc3 e6 6. Bg5 Bb4 7. cxd5 Qa5 8. Bd2 Nxd5 9. a3 Be7 10. Bb5+ Kd8 1/2-1/2

[Event "SLO-chT Central Superliga 13th"]
[Site "Slovenia"]
[Date "2012.10.04"]
[Round "4.3"]
[White "Bohorc, Edo"]
[Black "Rojs, Igor"]
[Result "1-0"]
[WhiteElo "2050"]
[BlackElo "1978"]
[PlyCount "71"]
[EventDate "2012.09.13"]
[EventType "team-tourn"]
[EventRounds "7"]
[EventCountry "SLO"]
[SourceTitle "EXT 2022"]
[Source "ChessBase"]
[SourceDate "2021.10.06"]
[SourceVersion "1"]
[SourceVersionDate "2021.10.06"]
[SourceQuality "1"]
[WhiteTeam "Bor Dob"]
[BlackTeam "Trzin Buscotrade"]
[WhiteTeamCountry "SLO"]
[BlackTeamCountry "SLO"]

1. e4 d5 2. exd5 Nf6 3. Nf3 Nxd5 4. d4 g6 5. Be2 Bg7 6. 0-0 0-0 7. c4 Nb6 8. Nc3 c6 9. h3 Be6 10. c5 Nd5 11. Ng5 Bf5 12. Nxd5 Qxd5 13. Be3 h6 14. Nf3 a5 15. Qb3 Qd7 16. Ne5 Bxe5 17. dxe5 Be6 18. Bc4 Bxc4 19. Qxc4 h5 20. Rad1 Qc8 21. Bg5 Re8 22. Rfe1 Na6 23. e6 f6 24. Bh4 Nb4 25. Rd7 Nd5 26. g4 g5 27. Bxg5 fxg5 28. Re5 Nf6 29. Rxg5+ Kh8 30. Qd4 Rf8 31. Rxh5+ Kg8 32. Rg5+ Kh8 33. Rxe7 Qd8 34. Rd7 Qe8 35. Rgg7 Qxe6 36. Rh7+ 1-0

[Event "SLO-chT Central Superliga 13th"]
[Site "Slovenia"]
[Date "2012.09.27"]
[Round "3.2"]
[White "Racnik, Tone"]
[Black "Bohorc, Edo"]
[Result "1/2-1/2"]
[WhiteElo "2040"]
[BlackElo "2050"]
[PlyCount "38"]
[EventDate "2012.09.13"]
[EventType "team-tourn"]
[EventRounds "7"]
[EventCountry "SLO"]
[SourceTitle "EXT 2022"]
[Source "ChessBase"]
[SourceDate "2021.10.06"]
[SourceVersion "1"]
[SourceVersionDate "2021.10.06"]
[SourceQuality "1"]
[WhiteTeam "Vrhnika"]
[BlackTeam "Bor Dob"]
[WhiteTeamCountry "SLO"]
[BlackTeamCountry "SLO"]

1. d4 Nf6 2. c4 g6 3. Nc3 Bg7 4. Bf4 d5 5. e3 c5 6. dxc5 Qa5 7. cxd5 Nxd5 8. Qxd5 Bxc3+ 9. bxc3 Qxc3+ 10. Ke2 Qxa1 11. Be5 Qc1 12. Bxh8 Be6 13. Qxb7 Qc2+ 14. Ke1 Qc1+ 15. Ke2 Qc2+ 16. Kf3 Qf5+ 17. Ke2 Qc2+ 18. Kf3 Qf5+ 19. Ke2 Qc2+ 1/2-1/2

[Event "SLO-chT Central Superliga 13th"]
[Site "Slovenia"]
[Date "2012.09.20"]
[Round "2.2"]
[White "Bohorc, Edo"]
[Black "Janzelj, Tim"]
[Result "0-1"]
[WhiteElo "2050"]
[BlackElo "2231"]
[PlyCount "50"]
[EventDate "2012.09.13"]
[EventType "team-tourn"]
[EventRounds "7"]
[EventCountry "SLO"]
[SourceTitle "EXT 2022"]
[Source "ChessBase"]
[SourceDate "2021.10.06"]
[SourceVersion "1"]
[SourceVersionDate "2021.10.06"]
[SourceQuality "1"]
[WhiteTeam "Bor Dob"]
[BlackTeam "Ig"]
[WhiteTeamCountry "SLO"]
[BlackTeamCountry "SLO"]

1. e4 e5 2. Nf3 Nc6 3. Bc4 Bc5 4. d3 d6 5. c3 Nf6 6. Be3 Bxe3 7. fxe3 0-0 8. 0-0 Na5 9. Bb5 c6 10. Ba4 b5 11. Bc2 Qb6 12. Qe2 Ng4 13. Re1 f5 14. h3 fxe4 15. hxg4 exf3 16. gxf3 h5 17. Rf1 hxg4 18. fxg4 Bxg4 19. Qxg4 Qxe3+ 20. Kg2 Rxf1 21. Qe6+ Kh8 22. Qh3+ Qxh3+ 23. Kxh3 Raf8 24. a4 Rg1 25. axb5 Rf6 0-1

[Event "Ljubljana-chT 65th 1st League"]
[Site "Ljubljana"]
[Date "2012.01.12"]
[Round "1.2"]
[White "Bohorc, Edo"]
[Black "Jukan, Nesib"]
[Result "1/2-1/2"]
[WhiteElo "2080"]
[BlackElo "1985"]
[PlyCount "43"]
[EventDate "2012.01.12"]
[EventType "team-tourn"]
[EventRounds "9"]
[EventCountry "SLO"]
[SourceTitle "EXT 2022"]
[Source "ChessBase"]
[SourceDate "2021.10.06"]
[SourceVersion "1"]
[SourceVersionDate "2021.10.06"]
[SourceQuality "1"]
[WhiteTeam "Bor Dob"]
[BlackTeam "Trzin Buscotrade"]
[WhiteTeamCountry "SLO"]
[BlackTeamCountry "SLO"]

1. e4 c5 2. Nf3 d6 3. c4 Nc6 4. d4 cxd4 5. Nxd4 Nxd4 6. Qxd4 Nf6 7. Nc3 a6 8. Be2 e6 9. Be3 Be7 10. Qb6 Qxb6 11. Bxb6 0-0 12. 0-0 Bd7 13. Rac1 Rac8 14. Rfd1 Bc6 15. f3 Nd7 16. Be3 Nf6 17. b3 h6 18. Bd3 Nd7 19. Ne2 Nc5 20. Nd4 Nxd3 21. Nxc6 Rxc6 22. Rxd3 1/2-1/2

[Event "SLO-chT Central 1st League 12th"]
[Site "Slovenia"]
[Date "2011.10.20"]
[Round "6.2"]
[White "Jukan, Nesib"]
[Black "Bohorc, Edo"]
[Result "1/2-1/2"]
[WhiteElo "1968"]
[BlackElo "2105"]
[PlyCount "26"]
[EventDate "2011.09.08"]
[EventType "team-tourn"]
[EventRounds "9"]
[EventCountry "SLO"]
[SourceTitle "EXT 2022"]
[Source "ChessBase"]
[SourceDate "2021.10.06"]
[SourceVersion "1"]
[SourceVersionDate "2021.10.06"]
[SourceQuality "1"]
[WhiteTeam "Trzin Buscotrade"]
[BlackTeam "Bor Dob"]
[WhiteTeamCountry "SLO"]
[BlackTeamCountry "SLO"]

1. d4 d5 2. Bg5 Nf6 3. Bxf6 exf6 4. e3 Be6 5. Nf3 c6 6. Be2 Bd6 7. Nbd2 Nd7 8. 0-0 0-0 9. a3 Bg4 10. Re1 Re8 11. c4 f5 12. cxd5 cxd5 13. Nf1 f4 1/2-1/2

[Event "SLO-chT Central 1st League 12th"]
[Site "Slovenia"]
[Date "2011.10.11"]
[Round "8.2"]
[White "Petrovic, Andrija"]
[Black "Bohorc, Edo"]
[Result "0-1"]
[WhiteElo "1766"]
[BlackElo "2105"]
[PlyCount "104"]
[EventDate "2011.09.08"]
[EventType "team-tourn"]
[EventRounds "9"]
[EventCountry "SLO"]
[SourceTitle "EXT 2022"]
[Source "ChessBase"]
[SourceDate "2021.10.06"]
[SourceVersion "1"]
[SourceVersionDate "2021.10.06"]
[SourceQuality "1"]
[WhiteTeam "Zeleznicar"]
[BlackTeam "Bor Dob"]
[WhiteTeamCountry "SLO"]
[BlackTeamCountry "SLO"]

1. e4 e6 2. c4 c5 3. Nf3 Nc6 4. Nc3 d6 5. d4 cxd4 6. Nxd4 Nf6 7. Be3 Be7 8. Bd3 d5 9. cxd5 exd5 10. exd5 Nxd5 11. Nxd5 Qxd5 12. 0-0 0-0 13. Nb5 Bf5 14. Be2 Qe5 15. Qb3 Be6 16. f4 Qe4 17. Bf3 Bxb3 18. Bxe4 Bc4 19. Nc7 Bxf1 20. Nxa8 Bc4 21. b3 Be2 22. Nc7 Bd6 23. Nd5 Re8 24. Nc3 Bg4 25. h3 Bc8 26. Re1 Bb4 27. Bd4 Kf8 28. a3 Nxd4 29. axb4 f5 30. Rd1 Nxb3 31. Bd5 Be6 32. Bxb7 Rb8 33. Bd5 Kf7 34. Bxb3 Bxb3 35. Rd7+ Kf6 36. Rd4 Rc8 37. Nb5 Ra8 38. Rd6+ Ke7 39. Rd3 Bc4 40. Re3+ Kd7 41. Na3 Bd5 42. Rd3 Ke6 43. Nb5 Rc8 44. Nxa7 Rc1+ 45. Kh2 Rc2 46. Rg3 g6 47. Nb5 Rc4 48. Re3+ Be4 49. Rb3 Bc6 50. Re3+ Be4 51. Rb3 Bc6 52. Na7 Bb7 0-1

[Event "SLO-chT Central 1st League 12th"]
[Site "Slovenia"]
[Date "2011.09.08"]
[Round "1.1"]
[White "Trebusak, Anton"]
[Black "Bohorc, Edo"]
[Result "1/2-1/2"]
[WhiteElo "1966"]
[BlackElo "2105"]
[PlyCount "34"]
[EventDate "2011.09.08"]
[EventType "team-tourn"]
[EventRounds "9"]
[EventCountry "SLO"]
[SourceTitle "EXT 2022"]
[Source "ChessBase"]
[SourceDate "2021.10.06"]
[SourceVersion "1"]
[SourceVersionDate "2021.10.06"]
[SourceQuality "1"]
[WhiteTeam "Komenda DU"]
[BlackTeam "Bor Dob"]
[WhiteTeamCountry "SLO"]
[BlackTeamCountry "SLO"]

1. d4 d5 2. Nf3 c6 3. Bf4 e6 4. e3 Bd6 5. Bg3 Bxg3 6. hxg3 Nf6 7. Bd3 Nbd7 8. Nbd2 c5 9. c3 Qc7 10. Rc1 e5 11. dxe5 Nxe5 12. Nxe5 Qxe5 13. Nf3 Qe7 14. Bb5+ Bd7 15. Qa4 0-0 16. Bxd7 Qxd7 17. Qxd7 Nxd7 1/2-1/2

[Event "Ljubljana-chT 64th Superliga"]
[Site "Ljubljana"]
[Date "2011.02.10"]
[Round "4.2"]
[White "Vavpetic, Vide"]
[Black "Bohorc, Edo"]
[Result "1/2-1/2"]
[WhiteElo "2161"]
[BlackElo "1869"]
[PlyCount "30"]
[EventDate "2011.01.13"]
[EventType "team-tourn"]
[EventRounds "9"]
[EventCountry "SLO"]
[SourceTitle "EXT 2022"]
[Source "ChessBase"]
[SourceDate "2021.10.06"]
[SourceVersion "1"]
[SourceVersionDate "2021.10.06"]
[SourceQuality "1"]
[WhiteTeam "Domzale SD"]
[BlackTeam "Bor Dob"]
[WhiteTeamCountry "SLO"]
[BlackTeamCountry "SLO"]

1. e4 e6 2. c4 d5 3. cxd5 exd5 4. exd5 Nf6 5. Nc3 Nxd5 6. Bc4 Nb6 7. Bb3 Bd6 8. Nge2 Bg4 9. d4 0-0 10. f3 Bf5 11. 0-0 c5 12. Nb5 c4 13. Bc2 Bxc2 14. Qxc2 Nc6 15. Nxd6 Qxd6 1/2-1/2

[Event "SLO-chT Central Superliga 11th"]
[Site "Slovenia"]
[Date "2010.11.11"]
[Round "8.3"]
[White "Bohorc, Edo"]
[Black "Debevec, Blaz"]
[Result "0-1"]
[WhiteElo "1834"]
[BlackElo "2010"]
[PlyCount "150"]
[EventDate "2010.09.09"]
[EventType "team-tourn"]
[EventRounds "9"]
[EventCountry "SLO"]
[SourceTitle "EXT 2022"]
[Source "ChessBase"]
[SourceDate "2021.10.06"]
[SourceVersion "1"]
[SourceVersionDate "2021.10.06"]
[SourceQuality "1"]
[WhiteTeam "Bor Dob"]
[BlackTeam "Komenda Popotnik"]
[WhiteTeamCountry "SLO"]
[BlackTeamCountry "SLO"]

1. e4 Nf6 2. Nc3 e5 3. Nf3 Bb4 4. d3 Nc6 5. Bg5 d6 6. Be2 Be6 7. a3 Ba5 8. b4 Bb6 9. Na4 Nd4 10. Nxb6 Nxf3+ 11. Bxf3 axb6 12. 0-0 Qd7 13. Be3 Bg4 14. Re1 Bxf3 15. Qxf3 Qg4 16. Qxg4 Nxg4 17. Bc1 0-0 18. Bb2 f5 19. f3 Nh6 20. d4 fxe4 21. Rxe4 exd4 22. Bxd4 Nf5 23. Bb2 d5 24. Re5 c6 25. Rd1 Rae8 26. Kf2 Nd6 27. Rxe8 Rxe8 28. Rd3 Nc4 29. Bc1 Kf7 30. Rd1 Kf6 31. g3 h6 32. h4 b5 33. g4 Ra8 34. Rd3 Ke5 35. Ke2 Rf8 36. f4+ Kf6 37. Kf2 Re8 38. Rd1 g6 39. Rh1 h5 40. gxh5 gxh5 41. Rg1 Nd6 42. Bb2+ Kf5 43. Rg5+ Kxf4 44. Bc1+ Ke4 45. Rxh5 Rf8+ 46. Ke2 Nf5 47. Kd2 Ne3 48. Rh7 Rf2+ 49. Ke1 Rf1+ 50. Ke2 Rxc1 51. Re7+ Kd4 52. Rxe3 Rxc2+ 53. Kf3 Rh2 54. Re7 Rxh4 55. Rxb7 Rh3+ 56. Ke2 Rxa3 57. Rh7 Kc4 58. Rh4+ d4 59. Rh6 Kxb4 60. Rxc6 Rc3 61. Rd6 Rc4 62. Kd3 Kb3 63. Rb6 b4 64. Rb8 Rc7 65. Kxd4 Ka3 66. Kd3 b3 67. Kd2 Ka2 68. Rb6 b2 69. Ra6+ Kb1 70. Rb6 Rd7+ 71. Ke2 Rd5 72. Rb7 Kc2 73. Rc7+ Kb3 74. Rb7+ Kc3 75. Rb8 Rd4 0-1

[Event "Ljubljana-chT 62nd 1st League"]
[Site "Ljubljana"]
[Date "2009.02.12"]
[Round "6.2"]
[White "Janjic, Vitomir"]
[Black "Bohorc, Edo"]
[Result "1/2-1/2"]
[WhiteElo "2004"]
[BlackElo "1805"]
[PlyCount "26"]
[EventDate "2009.01.08"]
[EventType "team-tourn"]
[EventRounds "9"]
[EventCountry "SLO"]
[SourceTitle "EXT 2022"]
[Source "ChessBase"]
[SourceDate "2021.10.06"]
[SourceVersion "1"]
[SourceVersionDate "2021.10.06"]
[SourceQuality "1"]
[WhiteTeam "Domzale SD"]
[BlackTeam "Bor Dob"]
[WhiteTeamCountry "SLO"]
[BlackTeamCountry "SLO"]

1. Nf3 Nf6 2. e3 e6 3. d4 d5 4. c3 c6 5. Bd3 Bd6 6. Nbd2 Nbd7 7. e4 e5 8. dxe5 Nxe5 9. Nxe5 Bxe5 10. 0-0 Nxe4 11. Nxe4 dxe4 12. Bxe4 Qxd1 13. Rxd1 0-0 1/2-1/2

[Event "Ljubljana-chT 62nd 1st League"]
[Site "Ljubljana"]
[Date "2009.01.22"]
[Round "3.2"]
[White "Bohorc, Edo"]
[Black "Kozarski, Filip"]
[Result "1/2-1/2"]
[WhiteElo "1805"]
[BlackElo "1944"]
[PlyCount "94"]
[EventDate "2009.01.08"]
[EventType "team-tourn"]
[EventRounds "9"]
[EventCountry "SLO"]
[SourceTitle "EXT 2022"]
[Source "ChessBase"]
[SourceDate "2021.10.06"]
[SourceVersion "1"]
[SourceVersionDate "2021.10.06"]
[SourceQuality "1"]
[WhiteTeam "Bor Dob"]
[BlackTeam "Komenda Utrdba"]
[WhiteTeamCountry "SLO"]
[BlackTeamCountry "SLO"]

1. e4 d6 2. d4 Nf6 3. Nc3 e5 4. dxe5 dxe5 5. Qxd8+ Kxd8 6. Bg5 Be6 7. 0-0-0+ Nbd7 8. Nd5 Bxd5 9. Rxd5 Bd6 10. f3 h6 11. Bxf6+ Nxf6 12. Rb5 Rb8 13. c4 a6 14. Rb3 Bc5 15. Rd3+ Ke7 16. Ne2 Rhd8 17. Nc3 c6 18. Be2 Bd4 19. Kc2 Nd7 20. Rhd1 Nc5 21. R3d2 a5 22. b3 Rdc8 23. Bf1 Rc7 24. g3 Ne6 25. Ne2 b5 26. Kb1 bxc4 27. Nxd4 Nxd4 28. Bxc4 Nxf3 29. Rf2 Ng5 30. h4 Ne6 31. g4 f6 32. Rg1 Rd7 33. g5 hxg5 34. Bxe6 Kxe6 35. hxg5 Rd4 36. gxf6 gxf6 37. Rgf1 Rxe4 38. Rxf6+ Kd5 39. Rd1+ Rd4 40. Rxd4+ exd4 41. Rf5+ Ke4 42. Rxa5 d3 43. Rh5 Kd4 44. Kc1 Rg8 45. Rh4+ Ke3 46. Rh3+ Ke2 47. Rh2+ Ke3 1/2-1/2